[Event "Biel MTO"]
[Site "Biel"]
[Date "1999.07.21"]
[Round "2"]
[White "Joksic, Sinisa"]
[Black "Kaenel, Hansjuerg"]
[Result "0-1"]
[WhiteElo "2288"]
[BlackElo "2408"]

1.e4 c5 2.Nf3 e6 3.d4 cxd4 4.Nxd4 Nc6 5.Nc3 Qc7 6.Be2 a6 7.Be3 Nf6 8.O-O Bb4
9.Na4 Be7 10.c4 Nxe4 11.c5 O-O 12.g3 f5 13.Bf3 Ng5 14.Bg2 f4 15.Bxf4 Rxf4
16.gxf4 Qxf4 17.Ne2 Qh4 18.f4 Nh3+ 19.Bxh3 Qxh3 20.Ng3 g6 21.Rc1 h5 22.Rc3 Bf6
23.Rd3 b5 24.Nb6 Bb7 25.Ne4 Bd4+ 26.Nf2 Be3 27.Rxe3 Qxe3 28.Re1 Qxf4 29.Qxd7 Nd4
30.Qxb7 Nf3+ 31.Kf1 Rf8 32.Re2 Qc1+ 33.Kg2 Qg1+ 34.Kh3 Ng5+  0-1

[Event "Dutch Open"]
[Site "Dieren"]
[Date "1999.07.21"]
[Round "2"]
[White "Wiersma, Eelke"]
[Black "Hort, Vlastimil"]
[Result "1-0"]
[WhiteElo "2362"]
[BlackElo "2535"]

1.e4 c5 2.Nf3 Nc6 3.d4 cxd4 4.Nxd4 e6 5.Nc3 a6 6.Be3 Nge7 7.Nb3 b6 8.Bd3 Ng6
9.O-O Be7 10.f4 h5 11.Qf3 Rb8 12.Qf2 b5 13.a4 b4 14.Ne2 Bh4 15.Qf3 Bf6 16.e5 Be7
17.Ng3 h4 18.Ne4 O-O 19.a5 Re8 20.Bb6 Rxb6 21.axb6 Qxb6+ 22.Qf2 Qxf2+ 23.Rxf2 Nb8
24.Nec5 Bd8 25.Rf3 Bb6 26.Kf1 Ne7 27.Nxa6 Bb7 28.Rh3 Nxa6 29.Bxa6 Bd5 30.Bd3 Nf5
31.Ra6 Rb8 32.g4 Ne3+ 33.Ke2 Ng2 34.Rf3 h3 35.f5 Bxf3+ 36.Kxf3 Ne1+  1-0

[Event "Paris-ch"]
[Site "Paris"]
[Date "1999.07.22"]
[Round "6"]
[White "Suarez Pousa, Diego"]
[Black "Roger, R."]
[Result "1-0"]
[WhiteElo "2315"]
[BlackElo "2183"]

1.e4 c5 2.Nc3 Nc6 3.Nf3 e6 4.d4 cxd4 5.Nxd4 Nf6 6.Be3 Bb4 7.Bd3 d5 8.Nxc6 bxc6
9.e5 d4 10.exf6 dxc3 11.O-O Qxf6 12.Qg4 cxb2 13.Rad1 Be7 14.Qe4 Bb7 15.Ba6  1-0

[Event "Biel MTO"]
[Site "Biel"]
[Date "1999.07.23"]
[Round "4"]
[White "Gruenfeld, Yehuda"]
[Black "Shariyazdanov, Andrey"]
[Result "1/2-1/2"]
[WhiteElo "2494"]
[BlackElo "2588"]

1.e4 c5 2.Nf3 Nc6 3.Nc3 e6 4.d4 cxd4 5.Nxd4 Nf6 6.Nxc6 bxc6 7.e5 Nd5 8.Ne4 Bb7
9.Be2 c5 10.c4 Nb4 11.Bf3 Qc7 12.Bf4 Nc6 13.Nd6+ Bxd6 14.exd6 Qb6 15.O-O O-O
16.Be3 Rab8 17.Qb3 Nb4 18.Bxb7 Rxb7 19.Rfd1 Nc6 20.Qd3 a5 21.b3 a4 22.Rab1 Rfb8
23.f4 Qa5 24.Bd2 Qa6 25.f5 axb3 26.axb3 Nd4 27.fxe6 fxe6 28.b4 Nf5 29.b5 Qb6
30.Ra1 Ra7 31.Rxa7 Qxa7 32.g4 Nh4 33.Be1 Ng6 34.Bg3 Rf8 35.Qe4 Qa4 36.Rb1 Qa2
37.Rf1 Qb3 38.Rxf8+ Nxf8 39.Bf2 Qd1+ 40.Kg2 Qxd6 41.Qe3 Ng6 42.Qxc5 Qd3 43.Bg3 Qe2+
44.Kg1 Qd1+ 45.Kf2 Qd2+ 46.Kf3 Qd3+ 47.Kf2  1/2-1/2

[Event "SCO-ch"]
[Site "Edinburgh"]
[Date "1999.07.23"]
[Round "8"]
[White "Rowson, Jonathan"]
[Black "Arakhamia, Ketevan"]
[Result "1/2-1/2"]
[WhiteElo "2490"]
[BlackElo "2430"]

1.e4 c5 2.Nf3 Nc6 3.Nc3 e6 4.d4 cxd4 5.Nxd4 d6 6.g3 Nf6 7.Bg2 Bd7 8.O-O Be7
9.Ndb5 Qb8 10.Bf4 Ne5 11.Bg5 a6 12.Bxf6 gxf6 13.Nd4 Qc7 14.Qh5 Nc4 15.Rfe1 Qc5
16.Nf5 exf5 17.exf5 Ne5 18.Nd5 Rc8 19.c3 Bc6 20.Rad1 Bxd5 21.Bxd5 Rc7 22.Kg2 Kd8
23.Re4 Kc8 24.f4 Nc6 25.Qh6 Kb8 26.Qg7 Rcc8 27.Bxf7 Rcf8 28.Bd5 Bd8 29.Qd7  1/2-1/2

[Event "White Rose Int 1st"]
[Site "Wakefield"]
[Date "1999.07.23"]
[Round "7"]
[White "Gayson, Peter"]
[Black "Lim Chin Lee"]
[Result "1/2-1/2"]
[WhiteElo "2255"]
[BlackElo "2110"]

1.e4 c5 2.Nf3 e6 3.d4 cxd4 4.Nxd4 Nc6 5.Nc3 a6 6.Be2 Nge7 7.Be3 Nxd4 8.Qxd4 Nc6
9.Qd2 Be7 10.O-O O-O 11.f4 Qc7 12.Rad1 Na5 13.Na4 b5 14.Nb6 Rb8 15.Qxa5 Bc5
16.Qc3 Bxe3+ 17.Qxe3 Rxb6 18.e5 f5 19.Rd2 Rd8 20.Rfd1 d5 21.exd6 Rbxd6 22.Rxd6 Rxd6
23.Rxd6 Qxd6 24.Bf3 Qc7 25.c3 Kf7 26.Qd4 Bd7 27.Bh5+ Kg8 28.Bf3 Kf7 29.h3 Kg8
30.a3 Kf7 31.Bh5+ Kg8 32.Qb4 Qa7+ 33.Kh1 g6 34.Bf3 Qc7 35.Qe7 Qc8 36.h4 Bc6
37.Qc5 Bb7 38.Qxc8+ Bxc8 39.Kg1 Kf7 40.Kf2 Kf6 41.g3 h6 42.Ke3 e5 43.Bd5 g5
44.hxg5+ hxg5 45.b4 exf4+ 46.gxf4 g4 47.Kd4 Kg6 48.Ke3 Kh5 49.Kf2 Kh4 50.Kg2 g3
51.Bf3 Bd7 52.Kg1 Kh3 53.Kh1 Be6 54.Kg1 Bc8 55.Kh1 Bd7 56.Kg1 Be6 57.Bb7 Kg4
58.Bxa6 Bd7 59.c4 bxc4 60.Bxc4 Kxf4 61.Bd5 Ke3 62.Kg2 f4 63.Bb7 Bb5 64.Bd5 Kd4
65.Bb7 Bd7 66.Kf3 Ke5 67.Kg2 Bb5 68.Ba8  1/2-1/2

[Event "SCO-ch"]
[Site "Edinburgh"]
[Date "1999.07.24"]
[Round "9"]
[White "Motwani, Paul"]
[Black "Morrison, Graham"]
[Result "1-0"]
[WhiteElo "2465"]
[BlackElo "2325"]

1.e4 c5 2.Nf3 e6 3.d4 cxd4 4.Nxd4 Nc6 5.Nc3 d6 6.g4 h6 7.Be3 a6 8.f4 g5 9.Nf3 Nf6
10.h3 Qa5 11.Qd2 gxf4 12.Bxf4 Ne5 13.Bg2 Nfd7 14.Nxe5 Nxe5 15.O-O Qc5+ 16.Rf2 Bd7
17.Ne2 h5 18.Be3 Qc7 19.g5 Rc8 20.Nf4 h4 21.Bd4 Bg7 22.Rd1 Rh7 23.b3 b5 24.g6 fxg6
25.Bxe5 dxe5 26.Nxg6 Qa7 27.Qd6 Bh6 28.Kf1 Qc5 29.Nxe5 Qxd6 30.Rxd6 Be3 31.Rf3 Bc5
32.Nxd7 Bxd6 33.Nf6+ Ke7 34.Nxh7 Be5 35.Ng5 Rxc2 36.Rf7+ Ke8 37.Rf2 Rc1+
38.Ke2 Bg3 39.Rf1 Rc2+ 40.Kf3 e5 41.Bh1 Rxa2 42.Kg4 Rb2 43.Ra1 Rxb3 44.Rxa6 b4
45.Bf3 Rb1 46.Ra7 Kd8 47.Be2 Kc8 48.Ba6+ Kb8 49.Rb7+ Ka8 50.Ne6  1-0

[Event "Biel MTO"]
[Site "Biel"]
[Date "1999.07.25"]
[Round "6"]
[White "Bykhovsky, Anatoly A"]
[Black "Thipsay, Praveen Mahadeo"]
[Result "1-0"]
[WhiteElo "2398"]
[BlackElo "2492"]

1.e4 c5 2.Nf3 e6 3.d4 cxd4 4.Nxd4 Nc6 5.Nc3 Qc7 6.g3 a6 7.Bg2 d6 8.O-O Bd7
9.a4 Nf6 10.Nb3 Be7 11.f4 Rd8 12.a5 Bc8 13.Be3 Nd7 14.Qe2 O-O 15.Qf2 Rde8
16.Kh1 Bd8 17.Rfd1 Qb8 18.Qd2 Bc7 19.Na4 Rd8 20.Qc3 Ne7 21.Ba7 Qxa7 22.Qxc7 d5
23.Nb6 Qb8 24.Qxb8 Nxb8 25.exd5 exd5 26.Nxd5 Nxd5 27.Rxd5 Nc6 28.Rad1 Rde8
29.R5d2 Bg4 30.Rf1 Rd8 31.Rff2 Be6 32.Bxc6 bxc6 33.Nc5 Bh3 34.Kg1 h5 35.c4 Rfe8
36.Rfe2 Rxe2 37.Rxe2 Rd1+ 38.Kf2 Kf8 39.Nxa6 Bg4 40.Rc2 Bf5 41.Rc3 Rd2+ 42.Ke3 Rxb2
43.Ra3 Be6 44.Nc7 Bxc4 45.a6 Bxa6 46.Rxa6 Rxh2 47.Rxc6 Rh3 48.Kf2 h4 49.g4 Rd3
50.Ke2 Rd4 51.Ke3 Rd1 52.Rc2 Rg1 53.g5 Rg3+ 54.Ke4 h3 55.Nd5 Kg8 56.Rh2 Kh7
57.Ne7 g6 58.Nd5 Kg7 59.Rb2 Rg2 60.Rb3 Re2+ 61.Kd4 Rd2+ 62.Ke5 Re2+ 63.Kd6 Rh2
64.Nf6 Rd2+ 65.Ke5 Re2+ 66.Kd4 Rd2+ 67.Ke3 Rd8 68.Rb2 Ra8 69.Kf3  1-0

[Event "Paris-ch"]
[Site "Paris"]
[Date "1999.07.25"]
[Round "9"]
[White "Paredes Galan, A."]
[Black "Skripchenko, Almira"]
[Result "0-1"]
[WhiteElo "2289"]
[BlackElo "2456"]

1.e4 c5 2.Nf3 Nc6 3.Nc3 e6 4.d4 cxd4 5.Nxd4 Qc7 6.Be3 a6 7.Bd3 Nf6 8.O-O Ne5
9.h3 Bc5 10.f4 d6 11.Kh1 Ng6 12.Qe2 O-O 13.Qf2 Re8 14.e5 dxe5 15.Bxg6 exd4
16.Bxf7+ Qxf7 17.Bxd4 Bxd4 18.Qxd4 Bd7  0-1

[Event "Glorney Cup U20"]
[Site "Bruges"]
[Date "1999.07.26"]
[Round "1"]
[White "Eynon, David"]
[Black "Dooley, Michael"]
[Result "1-0"]
[WhiteElo "2057"]
[BlackElo "2214"]

1.e4 c5 2.Nf3 e6 3.d4 cxd4 4.Nxd4 Nc6 5.Nc3 Qc7 6.Be2 a6 7.O-O b5 8.Kh1 Bb7
9.f4 Rc8 10.a3 Nxd4 11.Qxd4 Nf6 12.Bf3 Qc4 13.Be3 Qxd4 14.Bxd4 Bc5 15.Rad1 d6
16.Bxc5 dxc5 17.e5 Bxf3 18.Rxf3 Nd7 19.Rd6 Nb8 20.Rfd3 Ke7 21.f5 c4 22.Rd1 Rc5
23.f6+  1-0

[Event "Glorney Cup U20"]
[Site "Bruges"]
[Date "1999.07.27"]
[Round "2"]
[White "Mach, Petr"]
[Black "Dooley, Michael"]
[Result "1/2-1/2"]
[WhiteElo "2190"]
[BlackElo "2214"]

1.e4 c5 2.Nf3 e6 3.d4 cxd4 4.Nxd4 Nc6 5.Nc3 Qc7 6.Be3 a6 7.g3 b5 8.Bg2 Bb7
9.O-O Na5 10.a4 b4 11.Nce2 Nf6 12.Qd3 Nc4 13.b3 Nxe3 14.Qxe3 Bc5 15.Qd3 O-O
16.c4 d5 17.exd5 exd5 18.Rac1 dxc4 19.Rxc4 Bxg2 20.Kxg2 Nd7 21.f4 Qb7+ 22.Qf3 Qxf3+
23.Kxf3 a5 24.Rd1 Bb6 25.Rc6 Rac8 26.Rd6 Bxd4 27.Rxd7 Bc5 28.R7d5 Rfe8 29.Re5 f6
30.Rxe8+ Rxe8 31.Nd4 g6 32.g4 Kf7 33.f5 Re5 34.fxg6+ hxg6 35.Nc2  1/2-1/2

[Event "Korinthos op 3rd"]
[Site "Korinthos"]
[Date "1999.07.29"]
[Round "6"]
[White "Popov, Venci"]
[Black "Miladinovic, Igor"]
[Result "0-1"]
[WhiteElo "2312"]
[BlackElo "2526"]

1.e4 c5 2.Ne2 Nc6 3.Nbc3 e6 4.d4 cxd4 5.Nxd4 Qc7 6.Be3 a6 7.f4 b5 8.Bd3 Bb7
9.Qf3 Nf6 10.Nb3 d5 11.e5 d4 12.exf6 dxc3 13.O-O-O cxb2+ 14.Kxb2 Nb4 15.Qf2 gxf6
16.Bb6 Qc6 17.Na5 Qxg2 18.Qd4 Be7 19.Rhg1 Qd5 20.Nxb7 Nxd3+ 21.Rxd3 Qxb7
22.Rdg3 Qd5 23.Qc3 Rf8 24.Rd1 Qb7 25.Qd4 Rc8 26.Rgd3 Rg8 27.R1d2 Kf8 28.Ba5 Rg4
29.Qe3 f5 30.Rd7 Bf6+ 31.c3 Qc6 32.Qh3 Kg8 33.Qh5 Bxc3+  0-1

[Event "Korinthos op 3rd"]
[Site "Korinthos"]
[Date "1999.07.30"]
[Round "7"]
[White "Lekic, Dusan"]
[Black "Mastrovasilis, Dimitrios"]
[Result "1-0"]
[WhiteElo "2381"]
[BlackElo "2384"]

1.e4 c5 2.Nf3 e6 3.d4 cxd4 4.Nxd4 Nc6 5.Nc3 Qc7 6.Be2 a6 7.O-O Nf6 8.Kh1 Nxd4
9.Qxd4 Bc5 10.Qd2 O-O 11.Qg5 Bd4 12.Bd3 b5 13.Ne2 Bb6 14.e5 Nd5 15.Nf4 h6
16.Qg4 Qxe5 17.Nxd5 exd5 18.Bf4 Qf6 19.Rae1 d6 20.Qg3 Bc7 21.c3 Be6 22.Be3 Rab8
23.f4 Bb6 24.f5 Bd7 25.Bf4 Bc7 26.h4 Bd8 27.Bxd6 Qxh4+ 28.Qxh4 Bxh4 29.Rd1 Bc6
30.Bxb8 Rxb8 31.Be2 Bf6 32.Bf3 b4 33.Bxd5 Bxd5 34.Rxd5 bxc3 35.bxc3 Bxc3
36.Rc1 Bf6 37.Rc6 Rb4 38.Rxa6 Rh4+ 39.Kg1 Bd4+ 40.Kf1 Rf4+ 41.Ke2 Bg1 42.g4 Rxg4
43.Ra8+ Kh7 44.Rd7 h5 45.Rxf7 Bd4 46.Kf3 Rg1 47.a4 h4 48.Rff8 Kh6 49.Kf4 g5+
50.fxg6 h3 51.Ke4 h2 52.Kxd4 h1=Q 53.Rh8+ Kxg6 54.Rxh1 Rxh1 55.a5 Rf1 56.a6 Kg7
57.Rb8 Ra1 58.Rb6 Ra5 59.Kc4 Kf7 60.Kb4 Ra1 61.Kc5 Ke7 62.Kc6 Rc1+ 63.Kb7 Kd7
64.a7  1-0

[Event "Lost Boys op"]
[Site "Antwerp"]
[Date "1999.07.31"]
[Round "2"]
[White "Dgebuadze, Alexandre"]
[Black "Sziva, Erika"]
[Result "1-0"]
[WhiteElo "2510"]
[BlackElo "2290"]

1.e4 c5 2.Nf3 e6 3.d4 cxd4 4.Nxd4 Nc6 5.Nc3 Qc7 6.Be2 a6 7.O-O Nf6 8.a3 Bd6
9.Kh1 Nxd4 10.Qxd4 Bc5 11.Qd3 h5 12.f4 Ng4 13.Qg3 b5 14.Bxg4 hxg4 15.Qxg4 Bb7
16.Qg3 Bd4 17.Ne2 Bf6 18.Qd3 Qc6 19.Ng3 Bh4 20.Re1 f5 21.Re3 Bxg3 22.Rxg3 Qxe4
23.Qxe4 Bxe4 24.Rxg7 Bxc2 25.Be3 Rc8 26.Rc1 Rc6 27.Kg1 Be4 28.Rxc6 Bxc6 29.Bc5 Kd8
30.Bd6 Kc8 31.h3 Kb7 32.Be5 Rh6 33.Kf2 b4 34.axb4 Kb6 35.Kg3 Kb5 36.h4 Kxb4
37.Rg5 Kc5 38.h5 d6 39.Bg7 Rh7 40.h6 Kd5 41.Rg6  1-0

[Event "Hotel Agro IM B"]
[Site "Budapest"]
[Date "1999.08.02"]
[Round "4"]
[White "Grabics, Monika"]
[Black "Lindberg, Bengt"]
[Result "1-0"]
[WhiteElo "2304"]
[BlackElo "2299"]

1.e4 c5 2.Nf3 e6 3.d4 cxd4 4.Nxd4 Nc6 5.Nc3 a6 6.f4 d5 7.Be3 Nf6 8.e5 Nd7
9.Qd2 Be7 10.O-O-O Qc7 11.Bd3 O-O 12.h4 Na5 13.Qe2 Nc5 14.Bxh7+ Kxh7 15.Qh5+ Kg8
16.Nf3 Rd8 17.Ng5 Bxg5 18.hxg5 Kf8 19.Qh8+ Ke7 20.Qxg7 Nd7 21.g6 Rf8 22.Rh8 Rxh8
23.Qxf7+ Kd8 24.g7 Re8 25.g8=Q Rxg8 26.Qxg8+ Ke7 27.Rh1 Nf8 28.Qg7+  1-0

[Event "BCF-ch 86th"]
[Site "Scarborough"]
[Date "1999.08.02"]
[Round "2"]
[White "Reefat bin Satter"]
[Black "Emms, John M"]
[Result "0-1"]
[WhiteElo "2377"]
[BlackElo "2586"]

1.e4 c5 2.Nf3 e6 3.d4 cxd4 4.Nxd4 Nc6 5.Nc3 Qc7 6.Be2 a6 7.O-O Nf6 8.Kh1 Nxd4
9.Qxd4 Bc5 10.Qd3 b5 11.f4 Bb7 12.Bf3 h5 13.e5 Ng4 14.Bxb7 Qxb7 15.Ne4 Be7
16.b3 Rc8 17.Bb2 Nh6 18.Qf3 Qb8 19.Rf2 Nf5 20.Rd1 h4 21.Rd3 Rc7 22.Bd4 b4
23.Rfd2 O-O 24.Nf6+ Bxf6 25.exf6 g6 26.Be5 d6 27.Bxd6 Nxd6 28.Rxd6 Rxc2 29.h3 Rxa2
30.Rd1 Ra1 31.Kh2 Rxd1 32.Qxd1 Re8 33.Qd4 a5 34.Qe5 Rd8 35.Rd7 Qa8 36.Re7 Rd2
37.Qg5 a4 38.f5 Qb8+  0-1

[Event "Chania op 9th"]
[Site "Chania"]
[Date "1999.08.04"]
[Round "2"]
[White "Tsarouhas, Vasilios"]
[Black "Nenashev, Alexander"]
[Result "0-1"]
[WhiteElo "2221"]
[BlackElo "2584"]

1.e4 c5 2.Nf3 Nc6 3.d4 cxd4 4.Nxd4 e6 5.Nc3 Qc7 6.Be2 a6 7.O-O b5 8.Re1 Bb7
9.Bf1 Be7 10.a4 b4 11.Na2 Nf6 12.Nxc6 Qxc6 13.e5 Nd5 14.Bd2 O-O 15.c4 bxc3
16.Nxc3 Nb4 17.Re4 Qc7 18.Rc4 Bc6 19.Qg4 a5 20.Re1 f6 21.Bh6 Rf7 22.exf6 Bxf6
23.Ne4 Bxb2 24.Rb1 Be5 25.f4 Qa7+ 26.Kh1 Bxe4 27.Rxe4 Bc7 28.Bb5 Raf8 29.Rd1 Nd5
30.Qg3 Kh8 31.Bg5 h6 32.Bxh6 gxh6 33.Qg6 Rf6 34.Qh5 Nxf4 35.Qh4 Qc5 36.g3 Qc2  0-1

[Event "MK Cafe Cup-B"]
[Site "Koszalin"]
[Date "1999.08.04"]
[Round "2"]
[White "Shevchenko, Sergey"]
[Black "Beshukov, Sergei"]
[Result "0-1"]
[WhiteElo "2320"]
[BlackElo "2506"]

1.e4 c5 2.Nf3 Nc6 3.Nc3 e6 4.d4 cxd4 5.Nxd4 Qc7 6.Be2 a6 7.O-O Nf6 8.Be3 Bb4
9.f4 Bxc3 10.bxc3 Nxe4 11.Bd3 Nf6 12.Nxc6 bxc6 13.Bd4 c5 14.Bxf6 gxf6 15.f5 e5
16.Be4 Bb7 17.Bxb7 Qxb7 18.Qd6 Qc6 19.Qxc6 dxc6 20.Rab1 O-O-O 21.Rb6 Kc7
22.Rxa6 Ra8 23.Rxa8 Rxa8 24.Rf3 Rxa2 25.Rh3 Kd6 26.Rxh7 e4 27.Rxf7 Ke5 28.g4 Rxc2
29.h4 Rxc3 30.Kg2 Kf4 31.Rxf6 Rc2+ 32.Kf1 Kf3 33.Kg1 Rg2+ 34.Kf1 e3 35.Re6 e2+
36.Rxe2 Rxe2 37.f6 Ra2  0-1

[Event "Budapest  Agro GM"]
[Site "Budapest"]
[Date "1999.08.05"]
[Round "7"]
[White "Wittmann, Walter"]
[Black "Borgo, Giulio"]
[Result "0-1"]
[WhiteElo "2364"]
[BlackElo "2444"]

1.e4 c5 2.Nf3 e6 3.d4 cxd4 4.Nxd4 Nc6 5.Nc3 a6 6.g3 Nge7 7.Nb3 d6 8.Bg2 Bd7
9.a4 Nc8 10.O-O Be7 11.Qe2 O-O 12.Rd1 Qc7 13.f4 Rb8 14.a5 Bf6 15.Be3 Nb4
16.Qd2 Rd8 17.Bf2 b6 18.axb6 Nxb6 19.Na5 Be8 20.Ra3 d5 21.e5 Be7 22.Rc1 d4
23.Ne4 Na4 24.Nd6 Bxd6 25.exd6 Rxd6 26.b3 Nc3 27.Nc4 Rdd8 28.Bxd4 Nb5 29.Qxb4 Nxd4
30.Qe1 Bb5 31.c3 Nxb3 32.Rxb3 Qxc4 33.Rb2 Qc5+ 34.Qf2 Qd6 35.h4 Rbc8 36.Bf1 Rc5
37.Bxb5 axb5 38.Rcb1 Qc6 39.Rd2 Rcd5 40.Rxd5 Rxd5 41.Ra1 g6 42.Qe3 Qd6 43.Rb1 Rd3
44.Qf2 Qd5 45.Rc1 Rd2 46.Qf1 Qc5+ 47.Kh1 Rf2  0-1

[Event "Hotel Agro IM B"]
[Site "Budapest"]
[Date "1999.08.05"]
[Round "7"]
[White "Lakos, Nikoletta"]
[Black "Lindberg, Bengt"]
[Result "0-1"]
[WhiteElo "2335"]
[BlackElo "2299"]

1.e4 c5 2.Nf3 e6 3.d4 cxd4 4.Nxd4 Nc6 5.Nc3 a6 6.Be3 Qc7 7.Bd3 Nf6 8.O-O Ne5
9.h3 Bc5 10.f4 Nxd3 11.Qxd3 d6 12.Rad1 O-O 13.Nf3 b5 14.e5 dxe5 15.fxe5 Nd7
16.Bxc5 Qxc5+ 17.Qd4 Bb7 18.a3 Rac8 19.Qxc5 Nxc5 20.Rd4 Bc6 21.Rf2 Rfd8 22.Rfd2 Rxd4
23.Rxd4 Kf8 24.Kf2 Ke7 25.Ke3 Nd7 26.Kf4 Nf8 27.Nh4 h6 28.Kg4 Nd7 29.Nf3 Bxf3+
30.gxf3 Nxe5+ 31.Kg3 g5 32.f4 Nc4 33.Nd1 f5 34.fxg5 hxg5 35.h4 e5  0-1

[Event "MK Cafe Cup-A"]
[Site "Koszalin"]
[Date "1999.08.05"]
[Round "3"]
[White "Degraeve, Jean Marc"]
[Black "Tregubov, Pavel V"]
[Result "1/2-1/2"]
[WhiteElo "2542"]
[BlackElo "2609"]

1.e4 c5 2.Nf3 e6 3.d4 cxd4 4.Nxd4 Nc6 5.Nc3 Qc7 6.Be3 a6 7.Bd3 Nf6 8.O-O Bd6
9.Nxc6 bxc6 10.f4 e5 11.f5 Be7 12.Na4 d5 13.c4 d4 14.Bd2 c5 15.Qe1 Qc6 16.b3 g6
17.Qg3 gxf5 18.Qxe5 Rg8 19.Rae1 Be6 20.Re2 fxe4 21.Rxe4 O-O-O 22.Rxf6 Bxf6
23.Qxc5 Qxc5 24.Nxc5 Bh3 25.Re2 Bg5 26.Bxg5 Rxg5 27.Nxa6 Rd6 28.Nb4 Re6 29.Rd2 Re1+
30.Bf1 Ra1 31.Nd3 Rf5 32.Nf2 Bxg2 33.Kxg2 Rg5+ 34.Ng4 Rxg4+ 35.Kf3 Rh4 36.Kg3 Re4
37.Bg2 Re7 38.b4 Re3+ 39.Kf4 Ra3 40.Rxd4 R1xa2 41.Be4 Rf2+ 42.Ke5 Re3 43.Kd6 Rxh2
44.b5 Rh6+ 45.Kc5 Kc7 46.Bd5 f5 47.Rd1 Rg3 48.Ra1 Rgg6 49.Ra7+ Kb8 50.Re7 f4
51.Kd4 Rb6 52.Ke5 Rh5+ 53.Ke4 Rf6 54.c5 Rxd5 55.Kxd5 f3 56.b6 Rf5+ 57.Kc6 Rf8
58.Rb7+ Kc8 59.Rc7+ Kb8 60.Rb7+  1/2-1/2

[Event "MK Cafe Cup-A"]
[Site "Koszalin"]
[Date "1999.08.05"]
[Round "3"]
[White "Dvoirys, Semen I"]
[Black "Gritsak, Orest"]
[Result "1-0"]
[WhiteElo "2590"]
[BlackElo "2550"]

1.e4 c5 2.Nf3 e6 3.d4 cxd4 4.Nxd4 Nc6 5.Nc3 Qc7 6.f4 Nxd4 7.Qxd4 a6 8.Be3 b5
9.Be2 Bb7 10.Bf3 Rc8 11.O-O h5 12.Rad1 Nf6 13.h3 h4 14.Rf2 Bc5 15.Qd3 Bxe3
16.Qxe3 O-O 17.e5 Bxf3 18.Qxf3 Ne8 19.Rfd2 b4 20.Ne4 f6 21.Qh5 Qb6+ 22.Kh1 Qe3
23.Nxf6+ Nxf6 24.exf6 Rxf6 25.Rxd7 Qxf4 26.R7d4 Qf5 27.Qxh4 Rh6 28.Rd8+ Kh7
29.Qxh6+ Kxh6 30.Rxc8 Qe5 31.b3 Qe2 32.Rd3 e5 33.Rg3 g5 34.Rg8 Qxc2 35.R8xg5 Qxa2
36.R5g4 Kh5 37.Kh2 Qd2 38.Re4 Qh6 39.Reg4 a5 40.Rg8 Qf6 41.Ra8 e4 42.Rxa5+ Kh6  1-0

[Event "MK Cafe Cup-A"]
[Site "Koszalin"]
[Date "1999.08.06"]
[Round "4"]
[White "Nataf, Igor Alexandre"]
[Black "Haba, Petr"]
[Result "1/2-1/2"]
[WhiteElo "2504"]
[BlackElo "2544"]

1.e4 c5 2.Nf3 e6 3.d4 cxd4 4.Nxd4 Nc6 5.Nc3 Qc7 6.Be2 a6 7.O-O Nf6 8.Kh1 Nxd4
9.Qxd4 Bc5 10.Qd3 b5 11.f4 Bb7 12.Bf3 h5 13.e5 Ng4 14.Bxb7 Qxb7 15.Ne4 Be7
16.b3 Rc8 17.Bb2 Nh6 18.Qf3 Qb6 19.Rac1 Nf5 20.Rfe1 h4 21.Qe2 Rh6 22.c4  1/2-1/2

[Event "Scandic Hotels CC"]
[Site "Stockholm"]
[Date "1999.08.06"]
[Round "7"]
[White "Wedberg, Tom"]
[Black "Sjoberg, Mats"]
[Result "1-0"]
[WhiteElo "2487"]
[BlackElo "2348"]

1.e4 c5 2.Nf3 e6 3.d4 cxd4 4.Nxd4 Nc6 5.Nc3 Qc7 6.g3 a6 7.Bg2 Nf6 8.O-O Bc5
9.Nxc6 dxc6 10.Na4 Ba7 11.c4 Nd7 12.e5 Qxe5 13.Bf4 Qf6 14.Bd6 Qd4 15.c5 Qxd1
16.Raxd1 Bb8 17.f4 Bxd6 18.Rxd6 Ke7 19.Rfd1 g6 20.g4 Nf6 21.Nb6 Rb8 22.Bf3 h5
23.gxh5 gxh5 24.Kf2 h4 25.b4 h3 26.a3 Rg8 27.R1d3 Re8 28.Kg3 Rg8+ 29.Kf2 Re8
30.Kg3 Rg8+ 31.Kxh3 Nd5 32.Bxd5 exd5+ 33.Nxc8+ Rgxc8 34.Re3+ Kf8 35.Kg4 Rd8
36.Rh6 Kg7 37.Rh5 Rh8 38.Rg5+ Kf8 39.h4 Rd8 40.h5 d4 41.Rd3 f6 42.Rg6 Kf7
43.f5 Rd5 44.h6 Rg8 45.h7 Rxg6+ 46.fxg6+ Kg7 47.Kf4 Rd8 48.Kf5 Rd5+ 49.Ke4 Rh5
50.Rg3 Rd5 51.Kd3 f5 52.Rg5 Rd8 53.Rxf5 Kxg6 54.Rf4 Kxh7 55.Rf7+ Kg6 56.Rxb7  1-0

[Event "MK Cafe Cup-A"]
[Site "Koszalin"]
[Date "1999.08.07"]
[Round "5"]
[White "Antoniewski, Rafal"]
[Black "Romanishin, Oleg M"]
[Result "1/2-1/2"]
[WhiteElo "2417"]
[BlackElo "2567"]

1.e4 c5 2.Nf3 e6 3.Nc3 Nc6 4.d4 cxd4 5.Nxd4 a6 6.Be2 Nge7 7.f4 b5 8.O-O Bb7
9.Kh1 Nxd4 10.Qxd4 Nc6 11.Qf2 Be7 12.Be3 O-O 13.Rad1 Bh4 14.Qf3 Rc8 15.a4 b4
16.Nb1 Na5 17.Bd3 Nc4 18.Bc1 f5 19.Qe2 Nd6 20.exf5 Nxf5 21.c3 Qa5 22.cxb4 Qxb4
23.Nc3 Bf6 24.Bxf5 exf5 25.Rxd7 Rfe8 26.Qd3 Bc6 27.Rd6 Bxc3 28.bxc3 Qe4 29.Qg3 Qxa4
30.Be3 Qc4 31.Rfd1 Qe2 32.R6d3 Qg4  1/2-1/2

[Event "MK Cafe Cup-A"]
[Site "Koszalin"]
[Date "1999.08.07"]
[Round "5"]
[White "Prokopchuk, Evgeny"]
[Black "Tregubov, Pavel V"]
[Result "1/2-1/2"]
[WhiteElo "2470"]
[BlackElo "2609"]

1.e4 c5 2.Nf3 e6 3.d4 cxd4 4.Nxd4 Nc6 5.Nc3 Qc7 6.g3 a6 7.Bg2 d6 8.O-O Bd7
9.Nxc6 Bxc6 10.a4 Nf6 11.a5 Be7 12.Be3 O-O 13.Bb6 Qb8 14.Bd4 Re8 15.Re1 Nd7
16.Na4 Bd8 17.Qd2 b5 18.axb6 e5 19.Be3 Nxb6 20.Nxb6 Bxb6 21.Bxb6 Qxb6 22.Qxd6 Rad8
23.Qa3 Rd2 24.Qe3 Qxe3 25.Rxe3 Rxc2 26.Bf1 Rxb2  1/2-1/2

[Event "MK Cafe Cup-A"]
[Site "Koszalin"]
[Date "1999.08.07"]
[Round "5"]
[White "Brodsky, Michail"]
[Black "Hracek, Zbynek"]
[Result "1/2-1/2"]
[WhiteElo "2512"]
[BlackElo "2629"]

1.e4 c5 2.Nf3 Nc6 3.d4 cxd4 4.Nxd4 e6 5.Nc3 Qc7 6.Be2 a6 7.O-O Nf6 8.Be3 d6
9.f4 Be7 10.a4 O-O 11.Kh1 Re8 12.Bf3 Bf8 13.Nb3 b6 14.a5 Nd7 15.axb6 Nxb6
16.Nb5 axb5 17.Bxb6 Qb8 18.Rxa8 Qxa8 19.Qd3 b4 20.Ra1 Qb8 21.Be3 Bb7 22.Nd2 Qc7  1/2-1/2

[Event "Mipap Cup"]
[Site "Olomouc"]
[Date "1999.08.08"]
[Round "3"]
[White "Held, Markus"]
[Black "Van Wissen, Michiel E"]
[Result "1-0"]
[WhiteElo "2195"]
[BlackElo "2201"]

1.e4 c5 2.Nf3 Nc6 3.Nc3 e6 4.d4 cxd4 5.Nxd4 Nf6 6.g3 Qc7 7.Bg2 a6 8.O-O Bc5
9.Nb3 Be7 10.a4 b6 11.f4 d6 12.Be3 O-O 13.Qe2 Bb7 14.g4 Rfe8 15.g5 Nd7 16.Rf3 Rac8
17.Rh3 g6 18.Qf2 Nb4 19.Bd4 e5 20.Be3 exf4 21.Bxf4 Ne5 22.Rf1 Red8 23.Nd4 Qd7
24.Rd1 Qg4 25.Rh4 Qd7 26.Bh3 Qc7 27.Bxc8 Qxc8 28.Qg3 Qc5 29.Qf2 h5 30.Rf1 Ng4
31.Rxg4 hxg4 32.Bxd6 Qc4 33.b3 g3 34.hxg3  1-0

[Event "Chania op 9th"]
[Site "Chania"]
[Date "1999.08.09"]
[Round "7"]
[White "Velickovic, Sasa"]
[Black "Tsivelekidis, Georgios"]
[Result "0-1"]
[WhiteElo "2423"]
[BlackElo "2083"]

1.e4 c5 2.Nf3 e6 3.Nc3 Nc6 4.d4 cxd4 5.Nxd4 d6 6.Be2 a6 7.O-O Nf6 8.a4 Be7
9.Kh1 O-O 10.f4 Qc7 11.Be3 Re8 12.Bg1 Bd7 13.Qd3 Nxd4 14.Bxd4 Bc6 15.a5 Nd7
16.Qg3 Bf6 17.Bg1 Rac8 18.Bd3 g6 19.f5 Bg7 20.fxe6 fxe6 21.Rfe1 Ne5 22.Bb6 Qe7
23.Rad1 Bf6 24.Qh3 Qg7 25.Bf1 Qe7 26.Bf2 Bd7 27.Rd2 Bg5 28.Be3 Bxe3 29.Qxe3 Bc6
30.Red1 Rcd8 31.h3 Rd7 32.Kg1 Red8 33.Rd4 Kg7 34.Re1 Qf6 35.Rd2 Rf8 36.Be2 Qf4
37.Qxf4 Rxf4 38.Bd3 g5 39.Ne2 Nxd3 40.cxd3 Rf6 41.Nd4 e5 42.Nf5+ Kf7 43.Ne3 Ke6
44.Nc4 Rf4 45.Ne3 d5 46.exd5+ Bxd5 47.Ng4 e4 48.dxe4 Bc6 49.Rxd7 Bxd7 50.Nf2 Bc6
51.Nd3 Rf8 52.Nc5+ Ke5 53.Rd1 Rf7 54.Rd8 Re7 55.Rg8 h6 56.Rg6 Bxe4 57.Rxh6 Bc6
58.Nxa6 Rd7 59.Nb4 Rd1+ 60.Kf2 Bd5  0-1

[Event "Chania op 9th"]
[Site "Chania"]
[Date "1999.08.09"]
[Round "7"]
[White "Aleksieva, Silvia"]
[Black "Mastrovasilis, Dimitrios"]
[Result "1/2-1/2"]
[WhiteElo "2317"]
[BlackElo "2384"]

1.e4 c5 2.Nf3 e6 3.d4 cxd4 4.Nxd4 Nc6 5.Nc3 Qc7 6.Be2 a6 7.O-O Nf6 8.Kh1 Nxd4
9.Qxd4 Bc5 10.Qd3 b5 11.f4 Bb7 12.Bf3 h5 13.e5 Ng4 14.Bxb7 Qxb7 15.Ne4 Be7
16.Be3 Rc8 17.Bg1 Nh6 18.Rad1 Nf5 19.Rd2 h4 20.Qf3 Rc7 21.Bf2 Kf8 22.h3 g6
23.Rfd1 Kg7 24.Kg1 Rhc8 25.c3 b4 26.cxb4 Bxb4 27.Rd3 Rc4 28.Ng5 Qxf3 29.Nxf3 Rxf4
30.Rxd7 Rc2 31.a3 Be7 32.R7d2 Rfc4 33.Kf1 g5 34.Rxc2 Rxc2 35.Rd2 Rc4 36.Ke2 Kg6
37.Kd3 Rf4 38.b4 g4 39.hxg4 Rxg4 40.Bc5 Bg5 41.Ra2 Rg3 42.Ke4 Rg4+ 43.Kd3 Rg3
44.Ke4 Rg4+  1/2-1/2

[Event "BCF-ch 86th"]
[Site "Scarborough"]
[Date "1999.08.09"]
[Round "8"]
[White "Mason, Donald"]
[Black "Stephenson, F Norman"]
[Result "1-0"]
[WhiteElo "2284"]
[BlackElo "2212"]

1.e4 c5 2.Nc3 e6 3.Nf3 Nc6 4.d4 cxd4 5.Nxd4 Nf6 6.Be3 Bb4 7.Bd3 d5 8.Nxc6 bxc6
9.e5 Nd7 10.Qg4 Bf8 11.f4 Rb8 12.Nd1 Ba6 13.O-O Bxd3 14.cxd3 c5 15.d4 Qb6
16.dxc5 Bxc5 17.Bxc5 Qxc5+ 18.Nf2 O-O 19.Rac1 Qd4 20.Rc7 Rfd8 21.b3 Rbc8
22.Rcc1 Nc5 23.Rcd1 Qb2 24.Qh4 h6 25.Nd3 Nxd3 26.Rxd3 Rd7 27.h3 Rc3 28.Rxc3 Qxc3
29.Rf3 Qd4+ 30.Kh2 Kh7 31.Qf2 Qe4 32.Qe3 Qxe3 33.Rxe3 Rc7 34.Kg3 Rc2 35.a4 d4
36.Re4 d3 37.Kf3 Rc3 38.b4 d2+ 39.Ke2 Rd3 40.Kd1 Kg6  1-0